00275nam a22001217a 4500020001500000040000900015082001700024100002200041245002000063250001700083260003300100650002000133 a0071168532 cNust a536.721bWAR aKenneth Wark, Jr. aThermodynamics  a6th edition  aBoston:bMcGraw Hill,c1999. aThermodynamics